Review of agricultural policies in Korea

Guardado en:
Detalles Bibliográficos
Formato: Libro
Lenguaje:inglés
Publicado: Paris OECD 1999
Colección:National Policies and Agricultural Trade
Materias:
Etiquetas: Agregar Etiqueta
Sin Etiquetas, Sea el primero en etiquetar este registro!

MARC

LEADER 00000nam a2200000 4500
001 c121861
005 20221108123257.2
020 |a 92-64-17012-X 
041 0 |a eng 
044 |a FR 
245 1 0 |a Review of agricultural policies in Korea 
264 1 |a Paris  |b OECD  |c 1999 
300 |a 175 s. 
490 1 |a National Policies and Agricultural Trade 
830 0 |a National Policies and Agricultural Trade 
610 2 0 |a poľnohospodárstvo 
610 2 0 |a politika poľnohospodárska 
610 2 0 |a Južná Kórea 
610 2 0 |a vývoj hospodársky 
610 2 0 |a potraviny 
610 2 0 |a spotreba 
610 2 0 |a obchod zahraničný 
610 2 0 |a produkt domáci hrubý 
610 2 0 |a vývoz 
610 2 0 |a produkcia 
610 2 0 |a reformy 
610 2 0 |a liberalizácia 
610 2 0 |a náklady 
610 2 0 |a ceny trhové